Phân loại và giải các bài toán truyền nhiệt

Cơ sở lý luận toán học, vật lý của việc lựa chọn, phân loại và giải bài toán truyền nhiệt. Phân loại và giải bài toán truyền nhiệt.

محفوظ في:
التفاصيل البيبلوغرافية
المؤلف الرئيسي: Nguyễn, Thị Tố Loan
مؤلفون آخرون: Đặng, Văn Hậu Th.S (Hướng dẫn)
التنسيق: كتاب
اللغة:Vietnamese
منشور في: Đại học Đà Nẵng Trường đại học Sư Phạm 2010
سلاسل:Khóa luận tốt nghiệp đại học. Chuyên ngành: Sư phạm Lý
الموضوعات:
الوسوم: إضافة وسم
لا توجد وسوم, كن أول من يضع وسما على هذه التسجيلة!
Thư viện lưu trữ: Mạng thư viện Đại học Đà Nẵng
LEADER 01216nam a2200325 4500
001 000012028
003 8312
005 20120215080248.0
008 120215s2010 viesd
041 |a vie 
072 |a Khóa luận tốt nghiệp 
082 |a 537.6076  |b NG-L 
100 |a Nguyễn, Thị Tố Loan 
245 |a Phân loại và giải các bài toán truyền nhiệt  |c Nguyễn, Thị Tố Loan 
260 |a Đại học Đà Nẵng  |b Trường đại học Sư Phạm  |c 2010 
300 |a 54 tr.  |c 29 cm 
490 |a Khóa luận tốt nghiệp đại học. Chuyên ngành: Sư phạm Lý 
500 |a Tham khảo tr. 73 
520 |a Cơ sở lý luận toán học, vật lý của việc lựa chọn, phân loại và giải bài toán truyền nhiệt. Phân loại và giải bài toán truyền nhiệt. 
653 |a Khóa luận tốt nghiệp đại học 
653 |a Khoa Vật lý 
700 |a Đặng, Văn Hậu  |c Th.S  |e Hướng dẫn 
OWN |a LSP 
999 |a From the UDN01 
TYP |a Monograph 
TYP |a Printed language 
980 |a Mạng thư viện Đại học Đà Nẵng